000 00805nac a22002417a 4500
001 BR7902661
003 BR-BrBNA
005 20240105114427.0
008 230509b bl.|||m| |||| 00| 0 por d
040 _aBR-BrBNA
_bpor
_cBiblioteca Nacional de Agricultura
072 _aK50
090 _aK50 BR7902661
100 1 _aSantiago, A. da C.
110 1 _aCoordenadoria de Assistencia Tecnica Integral, Campinas, SP (Brasil)
245 1 _aProtecao de mouroes com preservativos hidrossoluveis
260 3 _aCampinas, SP (Brasil):
_c1978.
300 _a12 p.
490 _aInstrucoes Praticas - Coordenadoria de Assistencia Tecnica Integral (Brazil)
_vno. 192
_xISSN 0100-5111
650 _aMOURAO
650 _aCONSERVACAO
909 _a202312
_bLúcia Elande
_c55
_dLúcia Elande
942 _2AGRIS
_n0
_cMS
999 _c269294
_d269294